000 00322nam a22001217a 4500
008 250306b |||||||| |||| 00| 0 eng d
020 _a9785536805
100 _aOkunade Sam O.
245 _aHandbook of Reduce Insfection in the Tropics
260 _aIlorin
_bGlatox Nig Enterprises
_c2017
300 _axii,210p
942 _cBK
999 _c2129
_d2129